00495nam a2200169Ia 4500003000900000008004100009020001800050040001600068080001300084110001000097245011300107260003500220300002300255650001200278650001900290650001600309IN-BaIIA211028s9999 xx 000 0 eng d a0-87985-475-8 cIIA Library a771bEAS aKodak 0aScientific imaging with kodak films and platescEastman Kodak Company  aRochesterbEastman Kodakc1987 a[various pagings.] aImaging aNASA thesaurus aPhotography